[Event "19. Open de Sants Hostafrancs 2017"]
[Site "Barcelona ESP"]
[Date "2017.08.20"]
[Round "3.57"]
[White "Torres Boch, Jose F"]
[Black "Povill Claros, Xavier"]
[Result "1/2-1/2"]
[WhiteElo "2144"]
[BlackElo "2337"]
[PlyCount "144"]
[EventDate "2017.08.18"]
[EventType "swiss"]
[EventRounds "10"]
[EventCountry "ESP"]
[SourceTitle "Ajedrez en Madrid"]
[Source "lmi"]
[SourceDate "2017.08.18"]

1. e4 e6 2. d4 d5 3. Nc3 Bb4 4. exd5 exd5 5. Bd3 Nc6 6. Nge2 Nge7 7. O-O Bg4 8.
f3 Bf5 9. Bg5 Qd7 10. a3 Bd6 11. Nb5 O-O 12. Nxd6 Qxd6 13. Bxe7 Nxe7 14. Ng3
Qf6 15. Bxf5 Nxf5 16. Nxf5 Qxf5 17. Qd2 Rfe8 18. Rae1 Re6 19. Rxe6 fxe6 20. Re1
Re8 21. Re5 Qg6 22. Qe2 Kf8 23. f4 c6 24. h4 Qf6 25. g3 Re7 26. Qd3 g6 27. Kg2
Kf7 28. Qb3 Qh8 29. g4 Qf6 30. Kg3 Ke8 31. Qe3 Kd7 32. c3 Rg7 33. g5 Qf7 34.
Qd3 Rg8 35. Re2 Rf8 36. Qe3 Rc8 37. Qe5 c5 38. dxc5 Rxc5 39. Qb8 Kc6 40. Qxa7
Rc4 41. Qb8 Qf5 42. Qe5 Qxe5 43. Rxe5 Kd6 44. Re3 Rc6 45. h5 Kc5 46. hxg6 hxg6
47. Re2 Kc4 48. Kf3 Kb3 49. Ke3 Rc4 50. Kd3 Rxf4 51. Rxe6 Kxb2 52. Rxg6 Kxa3
53. Rb6 Rg4 54. g6 Rg3+ 55. Kd4 Ka4 56. Kc5 Rxc3+ 57. Kxd5 Rg3 58. Ke5 Ka5 59.
Re6 b5 60. Kf5 b4 61. Re4 b3 62. Kf6 b2 63. Re1 Rf3+ 64. Kg7 Kb4 65. Kh8 Kb3
66. Rb1 Kc2 67. Rxb2+ Kxb2 68. g7 Rh3+ 69. Kg8 Kc3 70. Kf8 Rf3+ 71. Ke8 Rg3 72.
Kf8 Rf3+ 1/2-1/2

[Event "19. Open de Sants Hostafrancs 2017"]
[Site "Barcelona ESP"]
[Date "2017.08.20"]
[Round "3.58"]
[White "Risting, Eivind Olav"]
[Black "Purushothaman, Thirumalai"]
[Result "1/2-1/2"]
[WhiteElo "2331"]
[BlackElo "2005"]
[PlyCount "82"]
[EventDate "2017.08.18"]
[EventType "swiss"]
[EventRounds "10"]
[EventCountry "ESP"]
[SourceTitle "Ajedrez en Madrid"]
[Source "lmi"]
[SourceDate "2017.08.18"]

1. e4 c5 2. Nf3 d6 3. d4 cxd4 4. Nxd4 Nf6 5. Nc3 a6 6. Bg5 Nbd7 7. Qe2 e6 8.
O-O-O Qc7 9. f4 b5 10. a3 Bb7 11. g4 Be7 12. Bg2 Qc4 13. Qe1 Rb8 14. Bxf6 Bxf6
15. Qe3 O-O 16. g5 Bd8 17. Nb3 Bb6 18. Qh3 b4 19. Bf1 Qc7 20. axb4 d5 21. e5
Rfc8 22. Bd3 Nf8 23. Rhe1 Qe7 24. Kb1 Qxb4 25. f5 Rxc3 26. bxc3 Qa3 27. fxe6
Bc8 28. Bxh7+ Nxh7 29. exf7+ Kxf7 30. Qxh7 Bf2 31. g6+ Ke6 32. Qg8+ Kf5 33.
Qf7+ Kg5 34. Qxf2 Rxb3+ 35. cxb3 Bf5+ 36. Qxf5+ Kxf5 37. e6 Qxb3+ 38. Ka1 Qxc3+
39. Kb1 Qb3+ 40. Ka1 Qa3+ 41. Kb1 Qb3+ 1/2-1/2

[Event "19. Open de Sants Hostafrancs 2017"]
[Site "Barcelona ESP"]
[Date "2017.08.20"]
[Round "3.59"]
[White "Fernandez Aguilar, Francisco"]
[Black "Cotonnec, Melkior"]
[Result "0-1"]
[WhiteElo "2058"]
[BlackElo "2329"]
[PlyCount "61"]
[EventDate "2017.08.18"]
[EventType "swiss"]
[EventRounds "10"]
[EventCountry "ESP"]
[SourceTitle "Ajedrez en Madrid"]
[Source "lmi"]
[SourceDate "2017.08.18"]

1. e4 c6 2. d4 d5 3. Nc3 dxe4 4. Nxe4 Nd7 5. Ng5 Ngf6 6. Bd3 g6 7. N1f3 Bg7 8.
Qe2 O-O 9. O-O h6 10. Ne4 Nxe4 11. Qxe4 c5 12. Qh4 e6 13. Qh3 e5 14. Bxh6 Nf6
15. Qh4 Bxh6 16. dxe5 Nh5 17. Qe4 Qe7 18. Nh4 Nf4 19. g3 Nxd3 20. cxd3 Bh3 21.
Rfe1 Rad8 22. f4 Rd4 23. Qe2 Rfd8 24. Rad1 Qd7 25. Qf2 Rxd3 26. Rxd3 Qxd3 27.
Qxc5 Bf8 28. Qxa7 Qc2 29. Qxb7 Bc5+ 30. Kh1 Rd2 31. Qc8+ 0-1

[Event "19. Open de Sants Hostafrancs 2017"]
[Site "Barcelona ESP"]
[Date "2017.08.20"]
[Round "3.60"]
[White "Wang, Jiaqi"]
[Black "Aakanksha, Hagawane"]
[Result "1/2-1/2"]
[WhiteElo "2033"]
[BlackElo "2328"]
[PlyCount "53"]
[EventDate "2017.08.18"]
[EventType "swiss"]
[EventRounds "10"]
[EventCountry "ESP"]
[SourceTitle "Ajedrez en Madrid"]
[Source "lmi"]
[SourceDate "2017.08.18"]

1. d4 Nf6 2. c4 g6 3. g3 Bg7 4. Bg2 d5 5. Nf3 O-O 6. O-O dxc4 7. Na3 c3 8. bxc3
c5 9. Ne5 Nc6 10. Nac4 Be6 11. Nxc6 bxc6 12. Ne5 Nd5 13. Bd2 Bxe5 14. dxe5 Qc7
15. f4 Rfd8 16. Qc1 Bg4 17. Qe1 Bc8 18. c4 Nb6 19. Be3 Nxc4 20. Bxc5 Ba6 21.
Qc3 Rab8 22. Rfd1 Nb6 23. Qe3 Bc4 24. Rac1 Bd5 25. Bxb6 Qxb6 26. Qxb6 axb6 27.
Bxd5 1/2-1/2

[Event "19. Open de Sants Hostafrancs 2017"]
[Site "Barcelona ESP"]
[Date "2017.08.20"]
[Round "3.61"]
[White "Vaishali, R."]
[Black "Calvo Bures, Marc"]
[Result "1-0"]
[WhiteElo "2327"]
[BlackElo "1860"]
[PlyCount "49"]
[EventDate "2017.08.18"]
[EventType "swiss"]
[EventRounds "10"]
[EventCountry "ESP"]
[SourceTitle "Ajedrez en Madrid"]
[Source "lmi"]
[SourceDate "2017.08.18"]

1. e4 e6 2. d4 d5 3. Nd2 Nc6 4. Ngf3 Nf6 5. e5 Nd7 6. Bd3 Nb4 7. Be2 c5 8. c3
Nc6 9. Bd3 f6 10. exf6 Qxf6 11. O-O Bd6 12. Re1 O-O 13. Nf1 e5 14. dxe5 Ndxe5
15. Be2 Be6 16. Bg5 Nxf3+ 17. Bxf3 Qxg5 18. Rxe6 Rad8 19. Ng3 Bxg3 20. hxg3 Rf6
21. Rxf6 gxf6 22. Qb3 b6 23. Rd1 Na5 24. Qb5 Nc4 25. Bxd5+ 1-0

[Event "19. Open de Sants Hostafrancs 2017"]
[Site "Barcelona ESP"]
[Date "2017.08.20"]
[Round "3.62"]
[White "Henrich, Thomas"]
[Black "Sole Bove, Josep"]
[Result "1-0"]
[WhiteElo "2310"]
[BlackElo "1811"]
[PlyCount "79"]
[EventDate "2017.08.18"]
[EventType "swiss"]
[EventRounds "10"]
[EventCountry "ESP"]
[SourceTitle "Ajedrez en Madrid"]
[Source "lmi"]
[SourceDate "2017.08.18"]

1. d4 Nf6 2. c4 g6 3. Nc3 d5 4. Nf3 Bg7 5. cxd5 Nxd5 6. e4 Nxc3 7. bxc3 c5 8.
Rb1 O-O 9. Be2 Qc7 10. O-O Rd8 11. Qb3 Nc6 12. d5 Ne5 13. Nd2 b6 14. h3 g5 15.
Nc4 Nxc4 16. Qxc4 Qe5 17. Bd2 Bh6 18. h4 f6 19. Qd3 Be6 20. c4 Bf7 21. hxg5
Bxg5 22. f4 Bxf4 23. Bxf4 Qd4+ 24. Qxd4 cxd4 25. e5 e6 26. d6 Rac8 27. Rbd1 Rc5
28. Rxd4 fxe5 29. Bg5 exd4 30. Bxd8 e5 31. Be7 Be6 32. Rf6 Bd7 33. Rf8+ Kg7 34.
Rd8 Bf5 35. d7 Rc6 36. Rg8+ Kxg8 37. d8=Q+ Kf7 38. Bh5+ Bg6 39. Qf8+ Ke6 40.
Bg4+ 1-0

[Event "19. Open de Sants Hostafrancs 2017"]
[Site "Barcelona ESP"]
[Date "2017.08.20"]
[Round "3.64"]
[White "Delchev, Aleksander"]
[Black "Low, Ethan"]
[Result "1-0"]
[WhiteElo "2577"]
[BlackElo "1662"]
[PlyCount "71"]
[EventDate "2017.08.18"]
[EventType "swiss"]
[EventRounds "10"]
[EventCountry "ESP"]
[SourceTitle "Ajedrez en Madrid"]
[Source "lmi"]
[SourceDate "2017.08.18"]

1. c4 Nf6 2. Nc3 e6 3. Nf3 Bb4 4. Qc2 c5 5. a3 Ba5 6. g3 O-O 7. Bg2 Nc6 8. O-O
d5 9. Na4 Nd4 10. Nxd4 cxd4 11. b4 Bc7 12. cxd5 Nxd5 13. Bb2 Be5 14. f4 Bf6 15.
Nc5 g6 16. Rac1 Rb8 17. Qd3 Ne7 18. Nb3 Nf5 19. Na5 a6 20. Rfe1 Bg7 21. Qc4 Re8
22. Qc7 Qxc7 23. Rxc7 Re7 24. Rxe7 Nxe7 25. Rc1 b6 26. Nb3 Nf5 27. Be4 a5 28.
Bxf5 exf5 29. Nxd4 Bb7 30. Rc7 Ba6 31. Kf2 Rd8 32. e3 axb4 33. axb4 Bd3 34. Ne6
fxe6 35. Rxg7+ Kf8 36. Rxh7 1-0

[Event "19. Open de Sants Hostafrancs 2017"]
[Site "Barcelona ESP"]
[Date "2017.08.20"]
[Round "3.65"]
[White "Gonzalez Santamartina, Jorge"]
[Black "Valsecchi, Alessio"]
[Result "0-1"]
[WhiteElo "2099"]
[BlackElo "2493"]
[PlyCount "62"]
[EventDate "2017.08.18"]
[EventType "swiss"]
[EventRounds "10"]
[EventCountry "ESP"]
[SourceTitle "Ajedrez en Madrid"]
[Source "lmi"]
[SourceDate "2017.08.18"]

1. c4 c5 2. Nf3 Nc6 3. d4 cxd4 4. Nxd4 Nf6 5. Nc3 e6 6. Ndb5 d6 7. Bf4 e5 8.
Bg5 a6 9. Na3 Be6 10. g3 Qb6 11. Na4 Qa5+ 12. Bd2 Qc7 13. Bg2 d5 14. c5 Be7 15.
O-O O-O 16. b4 Ne4 17. Nc2 f5 18. e3 Rad8 19. Nc3 Nxd2 20. Qxd2 d4 21. exd4
Nxd4 22. Nxd4 Rxd4 23. Qb2 Rfd8 24. Rfd1 Bf6 25. a3 e4 26. Qc2 Rc4 27. Rxd8+
Qxd8 28. Qb3 Bxc3 29. Rc1 Qf6 30. Bf1 Rxc5 31. Qa4 Rc8 0-1

[Event "19. Open de Sants Hostafrancs 2017"]
[Site "Barcelona ESP"]
[Date "2017.08.21"]
[Round "4.1"]
[White "Neef, Maximilian"]
[Black "Jumabayev, Rinat"]
[Result "0-1"]
[WhiteElo "2451"]
[BlackElo "2610"]
[PlyCount "78"]
[EventDate "2017.08.18"]
[EventType "swiss"]
[EventRounds "10"]
[EventCountry "ESP"]
[SourceTitle "Ajedrez en Madrid"]
[Source "lmi"]
[SourceDate "2017.08.18"]

1. Nf3 Nf6 2. g3 e6 3. Bg2 d5 4. O-O c5 5. c4 d4 6. e3 Nc6 7. exd4 cxd4 8. d3
Bd6 9. Bg5 h6 10. Bxf6 Qxf6 11. Nbd2 Qd8 12. a3 a5 13. Re1 O-O 14. Rc1 Bd7 15.
c5 Be7 16. Ne5 Nxe5 17. Rxe5 Qc7 18. Re1 a4 19. Qe2 Ra5 20. Nf3 Rxc5 21. Rxc5
Bxc5 22. Rc1 Qb6 23. Ne5 Bb5 24. Nc4 Qc7 25. Qh5 Rc8 26. Bh3 Be8 27. Nd2 b6 28.
Qe2 Qd8 29. Nc4 Bxa3 30. bxa3 b5 31. Qa2 bxc4 32. Rxc4 Bb5 33. Rxc8 Qxc8 34.
Bf1 Qc1 35. Qe2 Qxa3 36. Qe5 Bxd3 37. Qxd4 Bxf1 38. Kxf1 Qc1+ 39. Ke2 Qc2+ 0-1

[Event "19. Open de Sants Hostafrancs 2017"]
[Site "Barcelona ESP"]
[Date "2017.08.21"]
[Round "4.2"]
[White "Tari, Aryan"]
[Black "Goh, Wei Ming Kevin"]
[Result "1/2-1/2"]
[WhiteElo "2591"]
[BlackElo "2446"]
[PlyCount "45"]
[EventDate "2017.08.18"]
[EventType "swiss"]
[EventRounds "10"]
[EventCountry "ESP"]
[SourceTitle "Ajedrez en Madrid"]
[Source "lmi"]
[SourceDate "2017.08.18"]

1. c4 e5 2. Nc3 Nf6 3. Nf3 Nc6 4. g3 d5 5. cxd5 Nxd5 6. Bg2 Bc5 7. O-O O-O 8.
d3 Bb6 9. Bd2 Bg4 10. Na4 Qd6 11. Rc1 Rad8 12. Nxb6 axb6 13. Re1 Kh8 14. h3 Bc8
15. a3 f5 16. e3 f4 17. exf4 exf4 18. g4 Be6 19. d4 Nde7 20. Bc3 Bd5 21. Qd3
Ng6 22. Rcd1 Bxf3 23. Bxf3 1/2-1/2

[Event "19. Open de Sants Hostafrancs 2017"]
[Site "Barcelona ESP"]
[Date "2017.08.21"]
[Round "4.3"]
[White "Diaz Camallonga, Carles"]
[Black "Grigoryan, Karen H"]
[Result "0-1"]
[WhiteElo "2437"]
[BlackElo "2570"]
[PlyCount "92"]
[EventDate "2017.08.18"]
[EventType "swiss"]
[EventRounds "10"]
[EventCountry "ESP"]
[SourceTitle "Ajedrez en Madrid"]
[Source "lmi"]
[SourceDate "2017.08.18"]

1. e4 c5 2. Nf3 Nc6 3. d4 cxd4 4. Nxd4 Nf6 5. Nc3 d6 6. g3 Bg4 7. f3 Bd7 8. Bg2
g6 9. Nde2 Qb6 10. b3 Bg7 11. Bb2 O-O 12. Qd2 a5 13. Na4 Qa6 14. c4 Ne5 15.
Nac3 a4 16. f4 a3 17. Bc1 Bh3 18. fxe5 Bxg2 19. exf6 Bxf6 20. Rf1 Bxf1 21. Kxf1
e6 22. Qd3 d5 23. Qf3 Bg7 24. exd5 exd5 25. Rb1 dxc4 26. Nd5 Rad8 27. Bg5 f6
28. Bf4 g5 29. Bc7 Rd7 30. bxc4 Qxc4 31. Nb6 Qd3 32. Qxd3 Rxd3 33. Na4 Rd2 34.
Nac3 Rb2 35. Ba5 Re8 36. Rxb2 axb2 37. Bb4 f5 38. Nb1 Rd8 39. Ke1 f4 40. gxf4
gxf4 41. Bc3 f3 42. Bxg7 fxe2 43. Bxb2 Rd1+ 44. Kxe2 Rxb1 45. Be5 Rb5 46. Bd6
Rb6 0-1

[Event "19. Open de Sants Hostafrancs 2017"]
[Site "Barcelona ESP"]
[Date "2017.08.21"]
[Round "4.4"]
[White "Lorenzo De La Riva, Lazaro"]
[Black "Novikov, Stanislav"]
[Result "1/2-1/2"]
[WhiteElo "2415"]
[BlackElo "2538"]
[PlyCount "85"]
[EventDate "2017.08.18"]
[EventType "swiss"]
[EventRounds "10"]
[EventCountry "ESP"]
[SourceTitle "Ajedrez en Madrid"]
[Source "lmi"]
[SourceDate "2017.08.18"]

1. e4 c5 2. Nf3 e6 3. d4 cxd4 4. Nxd4 a6 5. c4 Ne7 6. Nc3 Nec6 7. Nc2 Bc5 8.
Be2 d6 9. O-O O-O 10. Rb1 a5 11. Kh1 e5 12. Bg4 Be6 13. b3 Na6 14. a3 Nc7 15.
Be3 Bxg4 16. Qxg4 Nd4 17. Bxd4 exd4 18. Nd5 Nxd5 19. exd5 d3 20. Ne1 d2 21. Nc2
Qf6 22. Qf3 Qxf3 23. gxf3 Rfe8 24. Kg2 Re2 25. Rbd1 g5 26. f4 g4 27. Kg3 f5 28.
f3 gxf3 29. Rxf3 Kf7 30. Kh3 Rg8 31. Rg3 Rg4 32. Rxg4 fxg4+ 33. Kxg4 Rxh2 34.
b4 axb4 35. axb4 Bb6 36. Kg3 Re2 37. Kf3 Rf2+ 38. Kg3 Re2 39. Kf3 Rf2+ 40. Kg3
Re2 41. Kf3 Rh2 42. Kg3 Re2 43. Kf3 1/2-1/2

[Event "19. Open de Sants Hostafrancs 2017"]
[Site "Barcelona ESP"]
[Date "2017.08.21"]
[Round "4.5"]
[White "Vera Siguenas, Deivy"]
[Black "Sturt, Raven M"]
[Result "1/2-1/2"]
[WhiteElo "2525"]
[BlackElo "2444"]
[PlyCount "156"]
[EventDate "2017.08.18"]
[EventType "swiss"]
[EventRounds "10"]
[EventCountry "ESP"]
[SourceTitle "Ajedrez en Madrid"]
[Source "lmi"]
[SourceDate "2017.08.18"]

1. e4 e5 2. Nf3 Nc6 3. Bb5 a6 4. Ba4 Nf6 5. O-O Be7 6. Re1 b5 7. Bb3 d6 8. a4
Bd7 9. c3 O-O 10. d3 Na5 11. Bc2 c5 12. Nbd2 Re8 13. Nf1 Nc6 14. h3 h6 15. Ne3
Bf8 16. axb5 axb5 17. Rxa8 Qxa8 18. Bb3 Na5 19. Ba2 Nc6 20. Bb3 Na5 21. Bc2 Nc6
22. Nh4 g6 23. Bb3 Be6 24. Bxe6 Rxe6 25. Nd5 Qb8 26. Qb3 Nxd5 27. Qxd5 Ne7 28.
Qb3 Qb7 29. Be3 Qc6 30. c4 bxc4 31. Qxc4 Qb7 32. b3 d5 33. exd5 Nxd5 34. Nf3
Qc6 35. Bd2 Nb6 36. Qc1 e4 37. dxe4 Rxe4 38. Bxh6 Bxh6 39. Qxh6 Rxe1+ 40. Nxe1
Qb5 41. Qe3 Nd5 42. Qd3 Qe8 43. Nf3 Nf4 44. Qc4 Ne6 45. Qd5 Qe7 46. g3 Qf6 47.
Kg2 Kg7 48. h4 Qc3 49. Qc4 Qf6 50. b4 cxb4 51. Qxb4 Qf5 52. Qc3+ Kg8 53. Qe3
Qg4 54. Qe5 Qc4 55. h5 gxh5 56. Qxh5 Qe4 57. Kf1 Qd3+ 58. Kg1 Qb1+ 59. Kg2 Qe4
60. Kh3 Qb7 61. Qg4+ Kf8 62. Qf5 Kg8 63. Kh2 Ng7 64. Qf6 Qd5 65. Ne5 Qe6 66.
Qd8+ Kh7 67. Qh4+ Kg8 68. Ng4 Ne8 69. Qg5+ Kf8 70. Qf4 Kg7 71. Qd4+ Kg8 72. Kg1
Kh7 73. Ne5 Kg8 74. Kg2 Nf6 75. f3 Qa2+ 76. Kh3 Qb1 77. g4 Qe1 78. Nd3 Qh1+
1/2-1/2

[Event "19. Open de Sants Hostafrancs 2017"]
[Site "Barcelona ESP"]
[Date "2017.08.21"]
[Round "4.6"]
[White "Garriga Cazorla, Pere"]
[Black "Dobrov, Vladimir"]
[Result "0-1"]
[WhiteElo "2405"]
[BlackElo "2510"]
[PlyCount "80"]
[EventDate "2017.08.18"]
[EventType "swiss"]
[EventRounds "10"]
[EventCountry "ESP"]
[SourceTitle "Ajedrez en Madrid"]
[Source "lmi"]
[SourceDate "2017.08.18"]

1. d4 Nf6 2. c4 e6 3. Nc3 Bb4 4. e3 d5 5. Bd3 e5 6. a3 Bxc3+ 7. bxc3 e4 8. Be2
c6 9. h4 O-O 10. Nh3 b6 11. Nf4 Ba6 12. Qb3 Bxc4 13. Bxc4 dxc4 14. Qxc4 Nd5 15.
Ne2 b5 16. Qb3 Nb6 17. f3 Qd5 18. Rb1 exf3 19. Qxd5 cxd5 20. gxf3 a6 21. e4 Nc6
22. Kf2 Rac8 23. Rg1 f5 24. Bh6 fxe4 25. Rxg7+ Kh8 26. Rg3 Rxf3+ 27. Rxf3 exf3
28. Nf4 Ne7 29. Rg1 Nf5 30. Bg5 h6 31. Bf6+ Kh7 32. Be5 Rxc3 33. h5 a5 34. Rg6
Rc2+ 35. Kg1 f2+ 36. Kg2 Nh4+ 37. Kf1 Nxg6 38. hxg6+ Kg8 39. g7 Nd7 40. Nh5 b4
0-1

[Event "19. Open de Sants Hostafrancs 2017"]
[Site "Barcelona ESP"]
[Date "2017.08.21"]
[Round "4.7"]
[White "Hertneck, Gerald"]
[Black "Petrosyan, Tigran S"]
[Result "1/2-1/2"]
[WhiteElo "2498"]
[BlackElo "2430"]
[PlyCount "135"]
[EventDate "2017.08.18"]
[EventType "swiss"]
[EventRounds "10"]
[EventCountry "ESP"]
[SourceTitle "Ajedrez en Madrid"]
[Source "lmi"]
[SourceDate "2017.08.18"]

1. Nf3 Nf6 2. c4 e6 3. Nc3 d5 4. d4 Be7 5. Bg5 h6 6. Bh4 O-O 7. e3 b6 8. Bd3
Bb7 9. Rc1 Nbd7 10. cxd5 exd5 11. O-O c5 12. b3 Rc8 13. dxc5 bxc5 14. Bf5 g6
15. Bxf6 Bxf6 16. Bh3 Bxc3 17. Rxc3 f5 18. g3 Nf6 19. Bg2 Ne4 20. Rc2 Rc7 21.
Ne5 Qd6 22. Qa1 Re7 23. f4 Kh7 24. Rd1 Qb6 25. Qc1 Rc8 26. Qa3 Rec7 27. Bf3 a6
28. Rdc1 h5 29. Kg2 Nf6 30. b4 c4 31. Rd1 Qe6 32. Qc3 Ng4 33. Rcd2 Nxe5 34.
fxe5 Rd8 35. Kf2 Re7 36. Rd4 Qxe5 37. Rxc4 dxc4 38. Qxe5 Rxe5 39. Rxd8 Bxf3 40.
Kxf3 Rb5 41. Kf4 c3 42. Rc8 Kh6 43. a3 a5 44. Rxc3 axb4 45. Rb3 g5+ 46. Kf3 Kg6
47. h4 Ra5 48. axb4 Rb5 49. Ke2 Kf6 50. Kd3 gxh4 51. gxh4 Ke6 52. Ke2 Kf6 53.
Kf3 Ke5 54. Rb1 Kf6 55. Kf4 Ke6 56. Kg5 Ke5 57. Kxh5 Kf6 58. e4 fxe4+ 59. Kg4
e3 60. Kf3 Rh5 61. Rh1 Rb5 62. Rb1 Rh5 63. Kxe3 Rxh4 64. Kd3 Ke6 65. b5 Kd7 66.
Rc1 Rb4 67. Rc5 Kd6 68. Rh5 1/2-1/2

[Event "19. Open de Sants Hostafrancs 2017"]
[Site "Barcelona ESP"]
[Date "2017.08.21"]
[Round "4.8"]
[White "Kleinman, Michael"]
[Black "Munoz, Miguel"]
[Result "1/2-1/2"]
[WhiteElo "2340"]
[BlackElo "2497"]
[PlyCount "77"]
[EventDate "2017.08.18"]
[EventType "swiss"]
[EventRounds "10"]
[EventCountry "ESP"]
[SourceTitle "Ajedrez en Madrid"]
[Source "lmi"]
[SourceDate "2017.08.18"]

1. Nf3 Nf6 2. c4 g6 3. g3 Bg7 4. Bg2 O-O 5. O-O c5 6. Nc3 d6 7. d4 Nc6 8. dxc5
dxc5 9. Bf4 Bd7 10. Ne5 Qc8 11. Qb3 Nxe5 12. Bxe5 Bc6 13. Nd5 Nxd5 14. cxd5
Bxe5 15. dxc6 bxc6 16. Qc2 Qe6 17. Qxc5 Bxb2 18. Qxc6 Qxc6 19. Bxc6 Bxa1 20.
Bxa8 Rxa8 21. Rxa1 Rc8 22. Rb1 Rc2 23. Rb7 Rxa2 24. Rxe7 Kf8 25. Rb7 Rxe2 26.
Rxa7 h5 27. h4 Kg7 28. Ra6 Rb2 29. Kg2 Rb3 30. Rc6 Rb5 31. Ra6 f6 32. Ra7+ Kh6
33. Rf7 Rb6 34. f4 Rb2+ 35. Kf3 Rb3+ 36. Kf2 Rb2+ 37. Kf3 Rb3+ 38. Kf2 Rb2+ 39.
Kf3 1/2-1/2

[Event "19. Open de Sants Hostafrancs 2017"]
[Site "Barcelona ESP"]
[Date "2017.08.21"]
[Round "4.9"]
[White "Salomon, Johan"]
[Black "Grafl, Florian"]
[Result "1/2-1/2"]
[WhiteElo "2488"]
[BlackElo "2364"]
[PlyCount "130"]
[EventDate "2017.08.18"]
[EventType "swiss"]
[EventRounds "10"]
[EventCountry "ESP"]
[SourceTitle "Ajedrez en Madrid"]
[Source "lmi"]
[SourceDate "2017.08.18"]

1. Nf3 f5 2. d3 Nc6 3. d4 e6 4. g3 Nf6 5. Bg2 d5 6. O-O Rb8 7. a4 a6 8. a5 Be7
9. b3 Ne4 10. Ba3 Bf6 11. Bb2 O-O 12. Ne5 Nxe5 13. dxe5 Be7 14. e3 c6 15. Qe1
Bd7 16. f3 Ng5 17. Qd2 Qc7 18. Rd1 Be8 19. Rf1 Bh5 20. Ra4 Nf7 21. f4 Rfd8 22.
Nc3 Rd7 23. Nd1 Nd8 24. Nf2 c5 25. h3 Be8 26. g4 g6 27. Raa1 Nc6 28. Kh1 Bd8
29. gxf5 gxf5 30. Rg1 Bg6 31. Bc3 d4 32. Bb2 dxe3 33. Qxe3 Nd4 34. Rgc1 Be7 35.
Nd3 Rbd8 36. Bxd4 cxd4 37. Qf2 Rc8 38. Bf3 Kh8 39. h4 Be8 40. Rg1 Bf8 41. Rg2
Rg7 42. Rag1 Bc6 43. Bxc6 Qxc6 44. Kh2 Qe8 45. Qf3 Qe7 46. Qh3 Rg4 47. Rxg4
fxg4 48. Qxg4 Rxc2+ 49. Rg2 Rxg2+ 50. Kxg2 Qg7 51. Kg3 h5 52. Qxg7+ Kxg7 53.
Kf3 Be7 54. b4 Kg6 55. Ke4 Bxh4 56. Nc5 d3 57. Kxd3 Kf5 58. Nxb7 Be1 59. b5
axb5 60. Ke3 Bxa5 61. Nxa5 Kg4 62. Nb3 h4 63. Nd4 h3 64. Kf2 Kxf4 65. Nxb5 Kxe5
1/2-1/2

[Event "19. Open de Sants Hostafrancs 2017"]
[Site "Barcelona ESP"]
[Date "2017.08.21"]
[Round "4.10"]
[White "Karthik, Venkataraman"]
[Black "Praggnanandhaa, R."]
[Result "1-0"]
[WhiteElo "2316"]
[BlackElo "2487"]
[PlyCount "79"]
[EventDate "2017.08.18"]
[EventType "swiss"]
[EventRounds "10"]
[EventCountry "ESP"]
[SourceTitle "Ajedrez en Madrid"]
[Source "lmi"]
[SourceDate "2017.08.18"]

1. c4 e5 2. g3 Nf6 3. Bg2 c6 4. d4 e4 5. Nc3 d5 6. Bg5 Bb4 7. Qb3 Bxc3+ 8. bxc3
Nbd7 9. Nh3 h6 10. Bc1 O-O 11. cxd5 cxd5 12. O-O Re8 13. Nf4 Nb6 14. a4 Nc4 15.
f3 Na5 16. Qa2 Bf5 17. g4 exf3 18. exf3 Be6 19. Nd3 Nd7 20. f4 Bxg4 21. Bxd5
Be6 22. Bxe6 Rxe6 23. f5 Rc6 24. Bd2 Nc4 25. Bf4 Ndb6 26. Nb4 Rcc8 27. Qg2 Kh7
28. a5 Nd7 29. Qxb7 Nxa5 30. Rxa5 Qxa5 31. Qxd7 Rxc3 32. Nd5 Rd8 33. Nf6+ Kh8
34. Qxf7 Qb6 35. Be5 Qb3 36. Qe7 Rcc8 37. Ng4 Rg8 38. f6 Kh7 39. fxg7 Rc2 40.
Qf6 1-0

[Event "19. Open de Sants Hostafrancs 2017"]
[Site "Barcelona ESP"]
[Date "2017.08.21"]
[Round "4.11"]
[White "Mons, Leon"]
[Black "Lopez Mulet, Inigo"]
[Result "1-0"]
[WhiteElo "2483"]
[BlackElo "2305"]
[PlyCount "71"]
[EventDate "2017.08.18"]
[EventType "swiss"]
[EventRounds "10"]
[EventCountry "ESP"]
[SourceTitle "Ajedrez en Madrid"]
[Source "lmi"]
[SourceDate "2017.08.18"]

1. e4 e6 2. Qe2 c5 3. g3 Nc6 4. c3 Nf6 5. Bg2 d5 6. d3 dxe4 7. dxe4 Ne5 8. Na3
Nd3+ 9. Kf1 Nxc1 10. Rxc1 e5 11. Bh3 Bxh3+ 12. Nxh3 a6 13. Kg2 Be7 14. f3 O-O
15. Nc4 Qc7 16. Ne3 Rfd8 17. Nf2 h5 18. b3 Rd7 19. c4 Rad8 20. Nd5 Nxd5 21.
cxd5 Qa5 22. Rc2 g6 23. Nd3 Bd6 24. Rhc1 Rc7 25. f4 exf4 26. gxf4 Bf8 27. b4
Qb5 28. bxc5 f5 29. d6 Rg7 30. e5 g5 31. Qf3 Qa4 32. e6 gxf4+ 33. Kh1 Qe4 34.
Qxe4 fxe4 35. Nxf4 e3 36. Nd5 1-0

[Event "19. Open de Sants Hostafrancs 2017"]
[Site "Barcelona ESP"]
[Date "2017.08.21"]
[Round "4.12"]
[White "Oparin, Grigoriy"]
[Black "Dhulipalla, Bala Chandra Prasad"]
[Result "1-0"]
[WhiteElo "2609"]
[BlackElo "2392"]
[PlyCount "103"]
[EventDate "2017.08.18"]
[EventType "swiss"]
[EventRounds "10"]
[EventCountry "ESP"]
[SourceTitle "Ajedrez en Madrid"]
[Source "lmi"]
[SourceDate "2017.08.18"]

1. d4 Nf6 2. c4 g6 3. Nc3 d5 4. Nf3 Bg7 5. cxd5 Nxd5 6. e4 Nxc3 7. bxc3 c5 8.
Be3 Qa5 9. Bd2 O-O 10. Be2 Nd7 11. O-O e5 12. d5 Nf6 13. c4 Qc7 14. Bd3 Ne8 15.
h3 Nd6 16. Bc3 f5 17. Re1 Re8 18. Qc2 f4 19. Bf1 Bf6 20. Nh2 h5 21. g3 g5 22.
Qe2 Qh7 23. g4 h4 24. Nf3 Qc7 25. Qb2 Nf7 26. a4 Bg7 27. a5 Bf8 28. Reb1 Bd6
29. Ra3 Kg7 30. Be2 Re7 31. Bd1 Qd8 32. Ne1 Bd7 33. Rb3 Ba4 34. Rxb7 Rxb7 35.
Qxb7 Rb8 36. Bxa4 Rxb7 37. Rxb7 Bc7 38. Nd3 Qc8 39. a6 Kg8 40. Rxa7 Nd8 41. Bb5
Qb8 42. Rxc7 Qxc7 43. Nxe5 Qg7 44. d6 Qa7 45. Ba5 Qg7 46. Bc3 Qa7 47. d7 Ne6
48. Ba5 Kg7 49. Nf3 Kg6 50. d8=Q Nxd8 51. Bxd8 Qa8 52. Bxg5 1-0

[Event "19. Open de Sants Hostafrancs 2017"]
[Site "Barcelona ESP"]
[Date "2017.08.21"]
[Round "4.13"]
[White "Agdestein, Simen"]
[Black "Oblitas, Carlomagno"]
[Result "1-0"]
[WhiteElo "2604"]
[BlackElo "2397"]
[PlyCount "121"]
[EventDate "2017.08.18"]
[EventType "swiss"]
[EventRounds "10"]
[EventCountry "ESP"]
[SourceTitle "Ajedrez en Madrid"]
[Source "lmi"]
[SourceDate "2017.08.18"]

1. c4 c5 2. Nf3 Nc6 3. d4 cxd4 4. Nxd4 g6 5. e4 Nf6 6. Nc3 d6 7. Nc2 Bg7 8. Be2
O-O 9. O-O Nd7 10. Bg5 Nc5 11. f3 a5 12. Qd2 a4 13. Kh1 Qa5 14. Na3 Ne6 15. Be3
Ned4 16. Bd1 f5 17. exf5 Nxf5 18. Bf2 Be6 19. Qe1 Bf7 20. Rb1 Qb4 21. Be2 Nfd4
22. Bd3 Ne5 23. Bxd4 Nxd3 24. Qe4 Bxd4 25. Qxd4 Ne5 26. Nd5 Bxd5 27. Qxd5+ Kg7
28. f4 Nc6 29. Nb5 Rf5 30. Qd3 Rc8 31. b3 axb3 32. axb3 Qc5 33. b4 Qb6 34. g3
Kg8 35. Rfe1 Rcf8 36. Qd2 R8f7 37. h4 Qd8 38. Ra1 Rf8 39. Kh2 Qc8 40. Re2 Qd7
41. Rd1 Qc8 42. Qe1 R5f7 43. Rd5 Qg4 44. Rg5 Qd7 45. Qd2 Rf5 46. c5 Rxg5 47.
hxg5 Qf5 48. Nc7 dxc5 49. bxc5 e5 50. fxe5 Nxe5 51. Qd5+ Nf7 52. Qa2 Qxg5 53.
Ne6 Qh5+ 54. Kg2 Rc8 55. Qb2 Qh6 56. Qxb7 Re8 57. Qd7 Ra8 58. Qb7 Re8 59. Rf2
Ne5 60. Qd5 Qe3 61. Nc7+ 1-0